HTML goodies. / (Record no. 6572)
[ view plain ]
| 000 -LEADER | |
|---|---|
| fixed length control field | 01445nam a22001577a 4500 |
| 008 - FIXED-LENGTH DATA ELEMENTS--GENERAL INFORMATION | |
| fixed length control field | 180417b xxu||||| |||| 00| 0 eng d |
| 020 ## - INTERNATIONAL STANDARD BOOK NUMBER | |
| International Standard Book Number | 0789718235 |
| 050 ## - LIBRARY OF CONGRESS CALL NUMBER | |
| Classification number | QA76.76.H94 B87 |
| 100 ## - MAIN ENTRY--PERSONAL NAME | |
| Personal name | Burns, Joe |
| 245 ## - TITLE STATEMENT | |
| Title | HTML goodies. / |
| Statement of responsibility, etc. | Joe Burns |
| 260 ## - PUBLICATION, DISTRIBUTION, ETC. | |
| Place of publication, distribution, etc. | Indianapolis: |
| Name of publisher, distributor, etc. | Que, |
| Date of publication, distribution, etc. | 1999. |
| 300 ## - PHYSICAL DESCRIPTION | |
| Extent | xxix, 527p. : |
| Dimensions | 26cm. |
| 500 ## - GENERAL NOTE | |
| General note | Includes appendix and index. |
| 505 ## - FORMATTED CONTENTS NOTE | |
| Formatted contents note | Contents: Introduction: Part 1: How to build a web site in 7 steps: Primer 1: What you need to get started -- Primer 2: Flags and commands -- Primer 3: Manipulating text -- Primer 4: Making a link to someone else -- Primer 5: Placing an image on your page -- Primer 6: Manipulating images -- Primer 7: Graduation day -- Part 2: Everything you need to know about text and graphics: 1: Playing with text --2: Making links -- 3: Adding images and backgrounds -- 4: Imagemaps -- Part 3: Getting more control over the layout of your web pages: 5: All about tables -- 6: Using frames -- 7: Adding link buttons and forms -- Cascading style sheets and layers -- Part 4: Beyond HTML: 9: Behind the scenes on your web site -- 10: Adding sound and video -- 11: Java applets and JavaScript -- 12: Common gateway interface (CGI) -- 13: Internet explorer tutorials and DHTML -- 14: Building web site banners -- 15: Other stuff you should really know -- Part 5: Appendixes: A: Everything you need to know about HTML 4.0 -- B: Useful charts C: Valuable links. |
| 942 ## - ADDED ENTRY ELEMENTS (KOHA) | |
| Source of classification or shelving scheme | Library of Congress Classification |
| Koha item type | Books |
| Withdrawn status | Lost status | Source of classification or shelving scheme | Damaged status | Not for loan | Home library | Current library | Shelving location | Date acquired | Total Checkouts | Full call number | Barcode | Date last seen | Copy number | Price effective from | Koha item type |
|---|---|---|---|---|---|---|---|---|---|---|---|---|---|---|---|
| Library of Congress Classification | WISCONSIN INTERNATIONAL UNIVERSITY COLLEGE, GHANA - MAIN LIBRARY | WISCONSIN INTERNATIONAL UNIVERSITY COLLEGE, GHANA - MAIN LIBRARY | Reference | 17/04/2018 | QA 76. 76. H94 B87 | 8206/024/18 | 17/04/2018 | 1 | 17/04/2018 | Books |
